00683nam a2200157Ia 4500008004100000100002100041245006400062245015800126260005300284260000900337300001100346650001500357856006100372999001900433952007300452170221s9999 xx 000 0 und d aIrina A. Mavrina aSociality and Person-Oriented Approach of Modern Education  cIrina A. Mavrina, Sergey A. Mavrin, Franz Pruess, Valentina I. Revyakina, Olga A. Semina, Svetlana N. Lipatova, Lyudmila A. Kholina, Alina A. Temerbekova bInternational Review of Management and Marketing c2016 a15 : 5 xMarketing. uhttp://www.econjournals.com/index.php/irmm/issue/view/71 c312276d312276 001040aCLbCLd2017-02-21l0r2017-02-21 00:00:00w2017-02-21yFOJ